[Event "17th Izmir Open 2018"]
[Site "Izmir"]
[Date "2018.09.10"]
[Round "2.10"]
[White "Bilyap, Enis"]
[Black "Yilmaz, Aras"]
[Result "1-0"]
[WhiteElo "1983"]
[BlackElo "1632"]
[Annotator "NA RC"]
[PlyCount "63"]
[EventDate "2018.09.09"]
[EventType "swiss"]
[EventCountry "TUR"]
[SourceTitle "playchess.com"]
[Source "ChessBase"]
[SourceQuality "1"]
[TimeControl "5400+30"]

{[%evp 8,63,16,10,37,25,36,45,25,32767,32767,32767,32767,-27,26,4,18,-76,32767,12,-12,-43,-29,-54,-38,-148,-25,-64,9,0,19,0,0,0,45,30,142,123,328,318,358,372,366,381,366,426,391,32767,384,422,402,502,463,513,1210,29962,29987,29988]} 1. Nf3 Nf6 2. g3 g6 3. Bg2 Bg7 4. O-O O-O 5. c4 d6 6. d4 c5 7. Nc3 Nc6 8. d5 Na5 9. Nd2 a6 10. a3 Qc7 (10... Ng4 $15) 11. Qc2 {LiveBook: 7 Games E66: King's Indian: Fianchetto: 6...c5 7 0-0 Nc6 8 d5} Bd7 12. Qd3 $146 ({Predecessor:} 12. b3 $11 {remains equal.} b5 13. Bb2 Rab8 14. Rab1 e5 15. dxe6 fxe6 16. Nce4 Bc6 17. Nxf6+ Bxf6 18. Bxf6 Rxf6 19. Ne4 Rff8 20. Qc3 Bxe4 21. Bxe4 b4 22. axb4 Rxb4 {½-½ (38) Schulz,J (2266)-Maryasin,B (2394) Stare Mesto 2004}) 12... Rfc8 13. a4 Rab8 14. b3 b5 15. axb5 axb5 16. cxb5 {[#]} (16. Nxb5 $15 Bxb5 17. cxb5) 16... c4 (16... Nxb3 $1 $19 {[%mdl 512]} 17. Nxb3 c4) 17. bxc4 Nxc4 (17... Ng4 $1 $15) 18. Nxc4 Qxc4 19. Qxc4 Rxc4 20. Bd2 h5 21. Ra7 Bxb5 {[#]} ({Better is} 21... Rb4 $14) 22. Rb1 $1 ({Finger weg von} 22. Rxe7 Be8 $14) 22... Ng4 $2 (22... Rc5 $16 {was called for.}) 23. Rxb5 Rbc8 24. h3 Bd4 25. Rxe7 ({Not} 25. hxg4 Bxa7 26. Rb7 Bd4 $18) 25... Nxf2 26. e3 Bf6 27. Rd7 Bxc3 28. Bxc3 ({And not} 28. Kxf2 Bxd2 29. Rxd6 Re8 $11) 28... Nxh3+ 29. Bxh3 Rxc3 30. Rbb7 Rxe3 (30... Rf8 $142 31. Kf2 Rc2+ 32. Kf3 Rc3) 31. Rxf7 Rc2 32. Be6 1-0